LEADER 01394nas0-2200409---450- 001 990001045400203316 005 20050601122135.0 035 $a0104540 035 $aUSA010104540 035 $a(ALEPH)000104540USA01 035 $a0104540 100 $a20020319b19771981km-y0itay0103----ba 101 $aita 102 $aIT 110 $aafa-------- 200 1 $a<> montanaro d'Italia. Monti e boschi$erivista dell'Unione nazionale comuni, comunità ed enti montani 207 1$aA. 28, n. 1 (gen.-feb. 1977)-a. 32, n. 6 (nov.-dic. 1981). 210 $aTorino$cStigra$d1977-1981 215 $av.$d28 cm 326 $aMensile 440 1$1001000104621$12001$aMonti e boschi 440 1$1001$12001$a<> Montanaro d' Italia$equindicinale dell'Unione nazionale comuni ed enti montani 676 $a634.9 801 0$aIT$bsalbc$gISBD 912 $a990001045400203316 958 $aUMA$bFondo$c1977-1981. 959 $aSE 979 $aPATTY$b90$c20020319$lUSA01$h1744 979 $c20020403$lUSA01$h1745 979 $aVITTORIANA$b90$c20040225$lUSA01$h1331 979 $aVITTORIANA$b90$c20040225$lUSA01$h1342 979 $aPATRY$b90$c20040406$lUSA01$h1712 979 $aESTER$b90$c20050601$lUSA01$h1211 979 $aESTER$b90$c20050601$lUSA01$h1212 979 $aESTER$b90$c20050601$lUSA01$h1221 996 $aMontanaro d'Italia. Monti e boschi$9792781 997 $aUNISA LEADER 01327nas 2200421-a 450 001 996197863403316 005 20240413023931.0 011 $a1469-3410 035 $a(CKB)110978984567277 035 $a(CONSER)sn-98039307- 035 $a(EXLCZ)99110978984567277 100 $a19980709a19949999 --- - 101 0 $aeng 181 $ctxt$2rdacontent 182 $cc$2rdamedia 183 $acr$2rdacarrier 200 00$aInternational MS journal /$fMS Forum 210 $aWorthing, West Sussex $cPublished on behalf of the MS Forum by Cambridge Medical Publications 215 $a1 online resource 300 $aRefereed/Peer-reviewed 311 $aPrint version: International MS journal / (DLC)sn 98039307 (OCoLC)39459790 1352-8963 531 $aTHE INTERNATIONAL MS JOURNAL 531 $aINT MS J 606 $aMultiple sclerosis$vPeriodicals 606 $aMultiple sclerosis$2fast$3(OCoLC)fst01029018 606 $aMultiple Sclerosis 608 $aPeriodicals.$2fast 608 $aPeriodicals. 615 0$aMultiple sclerosis 615 7$aMultiple sclerosis. 615 02$aMultiple Sclerosis. 676 $a616.834 712 02$aMS Forum (Firm) 906 $aJOURNAL 912 $a996197863403316 920 $aexl_impl conversion 996 $aInternational MS journal$92131744 997 $aUNISA